[Event "Olympiad Women 2024"]
[Site "Budapest HUN"]
[Date "2024.09.15"]
[Round "5.37"]
[Board "2"]
[White "Gabatshwarwe Refilwe"]
[Black "Ahmed, Walijah"]
[Result "1/2-1/2"]
[WhiteElo "1787"]
[BlackElo "1936"]
[PlyCount "75"]
[EventDate "2024.09.11"]
[WhiteTeam "Botswana"]
[BlackTeam "Bangladesh"]
[WhiteTeamCountry "BOT"]
[BlackTeamCountry "BAN"]

1. d4 d5 2. Nc3 Nf6 3. Bf4 c5 4. e4 e6 5. Bxb8 $146 ({RR} 5. exd5 cxd4 6. Qxd4 Nc6 7. Bb5 Nxd5 8. O-O-O a6 9. Ba4 b5 10. Nxd5 Nxd4 11. Nc7+ Ke7 12. Nxa8 Bb7 13. Nf3 Ne2+ 14. Kb1 Qxd1+ 15. Rxd1 Nxf4 16. Nb6 Bxf3 17. gxf3 bxa4 18. Rd7+ Kf6 19. Nxa4 Be7 {1-0 Demin,V (2430)-Aarav,D (2343) Titled Tue 16th May Early 2023 (7)}) ({RR} 5. exd5 exd5 6. Nb5 Na6 7. c3 Be7 8. Nf3 O-O 9. Bd3 c4 10. Bc2 Bd7 11. a4 Re8 12. O-O Bf8 13. Ne5 Bc6 14. Qf3 Ne4 15. Rfe1 f5 16. Bg3 g6 17. Bxe4 dxe4 18. Qe2 Bd5 19. Nxc4 Re6 {1-0 Naroditsky,D (2619)-Sevian,S (2687) Bullet Chess Winners 2024 (3.11)}) ({RR} 5. Nb5 Na6 6. e5 Nd7 7. c3 cxd4 8. cxd4 Bb4+ 9. Bd2 O-O 10. Nf3 Be7 11. a3 Nc7 12. Nxc7 Qxc7 13. Bd3 Nb6 14. h4 h6 15. Rc1 Qd8 16. Bb1 f5 17. exf6 Rxf6 18. Qc2 Rf5 19. g4 Rf6 {1-0 Teh,W (1915)-Verma,S (2003) Hastings Weekend Open 2024 (5.3)}) ({RR} 5. exd5 Nxd5 6. Nxd5 Qxd5 7. Nf3 Nc6 8. dxc5 Qxc5 9. c3 Be7 10. Bd3 e5 11. Be3 Qa5 12. Qc2 Bg4 13. Nd2 Bh5 14. b4 Qc7 15. O-O Bg6 16. Ne4 O-O 17. b5 Na5 18. c4 f5 19. Ng5 Bxg5 {0-1 Hamer,M (2069)-Seul,G (2401) Gibraltar Masters 18th 2020 (6)}) 5... Rxb8 6. exd5 Nxd5 7. Nxd5 Qxd5 8. Bb5+ Bd7 9. Bxd7+ Qxd7 10. Nf3 cxd4 11. Qxd4 Qxd4 12. Nxd4 Be7 13. Rd1 O-O 14. O-O Bf6 15. c3 Rfd8 16. Nb3 b6 17. f3 Kf8 18. Kf2 Ke7 19. Ke3 g6 20. Ke2 h5 21. g3 Bg7 22. h3 h4 23. g4 f5 24. Rg1 Rxd1 25. Rxd1 e5 26. Na1 Ke6 27. Nc2 Bf8 28. Ne3 Rc8 29. gxf5+ gxf5 30. Rg1 Be7 31. Rg7 Rh8 32. Rg6+ Bf6 33. c4 Kf7 34. Rg2 Ke6 35. Nd5 Kf7 36. b3 Bd8 37. Nb4 Rh6 38. Nd5 1/2-1/2

[Event "Olympiad Women 2024"]
[Site "Budapest HUN"]
[Date "2024.09.15"]
[Round "5.37"]
[Board "3"]
[White "Wadifa, Ahmed"]
[Black "Mosweu, Atlang Amolemo"]
[Result "1/2-1/2"]
[WhiteElo "1988"]
[BlackElo "1797"]
[PlyCount "83"]
[EventDate "2024.09.11"]
[WhiteTeam "Bangladesh"]
[BlackTeam "Botswana"]
[WhiteTeamCountry "BAN"]
[BlackTeamCountry "BOT"]

1. e4 c6 2. d4 d5 3. e5 c5 4. c3 Nc6 5. Nf3 Bg4 6. Bb5 e6 7. O-O ({RR} 7. Qa4 Qc8 8. Nbd2 a6 9. Bxc6+ Qxc6 10. Qxc6+ bxc6 11. h3 Bxf3 12. Nxf3 cxd4 13. cxd4 c5 14. dxc5 Bxc5 15. Bd2 Ne7 16. Rc1 Bb6 17. Bb4 Kd7 18. Ke2 Nc6 19. Bc3 h6 20. Rhd1 Rhc8 21. Bd2 Bc7 {0-1 Davidsen,R (1682)-Bjarnason,K (1934) Reykjavik Open 2024 (6.117)}) 7... Nge7 ({RR} 7... Rc8 8. h3 Bh5 9. Be2 Qb6 10. dxc5 Bxc5 11. b4 Bf8 12. Re1 Nge7 13. a4 Bxf3 14. Bxf3 Ng6 15. a5 Qc7 16. Na3 a6 17. Be3 Be7 18. Bb6 Qb8 19. b5 axb5 20. Nxb5 Ncxe5 21. Ba7 Nxf3+ 22. Qxf3 {½-½ Garayev,K (2356)-Mendonca,L (2622) AI Cup Play-In 2023 (9)}) 8. Nbd2 $146 ({RR} 8. Qd3 Nf5 9. Nbd2 Be7 10. Re1 Bh5 11. Nb3 c4 12. Bxc4 dxc4 13. Qxc4 Bxf3 14. gxf3 Nh4 15. Qe2 Bg5 16. f4 Qd5 17. Qe4 Nf3+ 18. Kf1 Nxe1 19. Qxd5 exd5 20. Kxe1 Be7 21. Ke2 Rg8 {0-1 Maslyakov,I-Khan,A (1803) Tosno Gubernator Cup Lenregion op 2009 (2)}) ({RR} 8. h3 Bxf3 9. Qxf3 cxd4 10. cxd4 Qb6 11. Qd3 a6 12. Bxc6+ Nxc6 13. Rd1 Rc8 14. a3 Qxd4 15. Qxd4 Nxd4 16. Nc3 Bc5 17. Kf1 O-O 18. Rd3 b5 19. b4 Bb6 20. Rb1 Nc6 21. Bf4 Ne7 22. Rbd1 Rc4 {0-1 Mengus,C (1878)-Rodriguez,J (1915) FRA-ch Seniors 2007 (10)}) 8... Qb6 9. a4 a6 10. dxc5 Qxc5 11. Bxc6+ Nxc6 12. h3 Bxf3 13. Nxf3 Qb6 14. Qe2 Be7 15. Rd1 O-O 16. Nd4 Rac8 17. Kh1 Nxd4 18. Rxd4 Rc4 19. Rxc4 dxc4 20. Be3 Bc5 21. a5 Qb5 22. Bg5 Re8 23. f4 Be7 24. Bxe7 Rxe7 25. Rd1 Re8 26. Kh2 Rc8 27. Qd2 Qxa5 28. Qd7 Rf8 29. Qxb7 Qb5 30. Qe7 g6 31. Rd4 Qxb2 32. Rxc4 Qe2 33. Rd4 h5 34. h4 Qe3 35. Rc4 Qe2 36. Rc7 Qe4 37. Qf6 a5 38. c4 a4 39. c5 Qe3 40. c6 a3 41. Rxf7 Rxf7 42. Qxg6+ 1/2-1/2

[Event "Olympiad Women 2024"]
[Site "Budapest HUN"]
[Date "2024.09.15"]
[Round "5.37"]
[Board "4"]
[White "Rebatenne, Boitshepo"]
[Black "Hamid, Rani"]
[Result "0-1"]
[WhiteElo "1696"]
[BlackElo "1900"]
[PlyCount "118"]
[EventDate "2024.09.11"]
[WhiteTeam "Botswana"]
[BlackTeam "Bangladesh"]
[WhiteTeamCountry "BOT"]
[BlackTeamCountry "BAN"]

1. d4 d5 2. Bf4 Nf6 3. e3 e6 4. Nf3 Bd6 5. Bxd6 Qxd6 6. c3 O-O 7. Bd3 b6 8. Nbd2 Bb7 ({RR} 8... Ba6 9. Bxa6 Nxa6 10. O-O c5 11. Qe2 Nb8 12. dxc5 Qxc5 13. e4 dxe4 14. Nxe4 Nxe4 15. Qxe4 Nd7 16. Rad1 Nf6 17. Qe2 h6 18. h3 Rfd8 19. Rxd8+ Rxd8 20. Rd1 Rxd1+ 21. Qxd1 Nd5 22. Qd4 Qxd4 23. Nxd4 {½-½ Sivanandan,B (2185)-Peycheva,G (2248) WSCC Speed Play-In 1 2024 (8)}) 9. Ne5 ({RR} 9. O-O Nbd7 10. a4 a5 11. Re1 Ne4 12. Bxe4 dxe4 13. Nc4 Qd5 14. Nfd2 e5 15. Qc2 f5 16. Rad1 exd4 17. cxd4 Rac8 18. Nf1 Ba6 19. b3 Rf6 20. Qa2 Qf7 21. Ng3 Bb7 22. Ne2 Bd5 23. Nf4 Re8 {0-1 Principe,G (2213)-Samunenkov,I (2499) Titled Tue 4th Jul Early 2023 (2)}) 9... c5 10. O-O Nc6 11. f4 $146 ({RR} 11. Nxc6 Bxc6 12. Nf3 Nd7 13. Re1 e5 14. dxe5 Nxe5 15. Be2 Rad8 16. Qc2 Qf6 17. Nxe5 Qxe5 18. Bf3 Rfe8 19. Rad1 Rd6 20. g3 {½-½ Cizman,G (1823)-Bernik,A (1673) Ljubljana-chT 65th 1st League 2012 (1.3)}) 11... Ne7 12. Ndf3 Ne4 13. Qc2 Rac8 14. Qe2 f6 15. Ng4 cxd4 16. Nxd4 e5 17. Nb5 Qb8 18. Bxe4 dxe4 19. fxe5 f5 20. Nf2 Ba6 21. a4 Qxe5 22. Qc2 Bxb5 23. axb5 Qxb5 24. Rxa7 Nc6 25. Ra3 Qc5 26. Re1 b5 27. Kh1 Rcd8 28. Nh3 Rd3 29. Qc1 Ne5 30. Nf4 Rd6 31. Qc2 Nc4 32. Qb3 g5 33. Nh3 Rd2 34. Ra2 h6 35. Rd1 Rxd1+ 36. Qxd1 Nxe3 37. Qh5 Qd6 38. Ra1 Ng4 39. Nxg5 hxg5 40. Qxg5+ Kh8 41. Qh5+ Qh6 42. Qxh6+ Nxh6 43. Ra6 Kg7 44. Rb6 Rd8 45. Kg1 Rd1+ 46. Kf2 Rd2+ 47. Kg3 Rxb2 48. c4 Rb3+ 49. Kf4 bxc4 50. Rc6 Rb2 51. Kg3 Rc2 52. h4 Ng4 53. Kf4 Rf2+ 54. Kg5 Ne5 55. Rc7+ Nf7+ 56. Kh5 e3 57. Re7 f4 58. Kg4 Kf6 59. Rc7 Ne5+ 0-1

[Event "Olympiad Women 2024"]
[Site "Budapest HUN"]
[Date "2024.09.15"]
[Round "5.38"]
[Board "1"]
[White "Bwalya Mulwale, Lubuuto"]
[Black "Pipiras, Filipa Fortuna"]
[Result "1/2-1/2"]
[WhiteElo "1852"]
[BlackElo "2187"]
[PlyCount "83"]
[EventDate "2024.09.11"]
[WhiteTeam "Zambia"]
[BlackTeam "Portugal"]
[WhiteTeamCountry "ZAM"]
[BlackTeamCountry "POR"]

1. d4 d5 2. c4 dxc4 3. Nc3 a6 4. a4 Nc6 5. e3 Na5 6. Nf3 Bg4 7. h3 Bxf3 8. Qxf3 e6 9. Be2 Nf6 10. O-O Be7 $146 ({RR} 10... c6 11. Rd1 Be7 12. e4 Nb3 13. Rb1 Nxd4 14. Qe3 Nxe2+ 15. Qxe2 Qc7 16. Qxc4 O-O 17. Bg5 Rfd8 18. b4 Rxd1+ 19. Rxd1 Rd8 20. Rxd8+ Qxd8 21. b5 axb5 22. axb5 cxb5 23. Qxb5 h6 24. Bxf6 Bxf6 25. e5 {½-½ Havanecz,B (2224)-Kovalchuk,A (2375) Titled Tuesday intern op 19th Oct blitz 2021 (4)}) 11. Rd1 O-O 12. Bd2 Rb8 13. Ra2 Bb4 14. Ne4 Bxd2 15. Nxd2 Qd5 16. Rc1 c5 17. Nxc4 Nc6 18. Qxd5 exd5 19. Ne5 c4 20. Bf3 Rfe8 21. Ng4 Nxg4 22. hxg4 Nb4 23. Ra3 b5 24. axb5 axb5 25. Ra7 Red8 26. Rca1 Nd3 27. Rb1 g6 28. Kf1 Ra8 29. Rb7 Ra5 30. g3 Nb4 31. Kg2 Kg7 32. Rc7 h6 33. Rc5 Kf6 34. b3 Nd3 35. Rc6+ Ke7 36. bxc4 dxc4 37. Be2 Rd6 38. Rc7+ Rd7 39. Rc8 Rd8 40. Rc7+ Rd7 41. Rc8 Rd8 42. Rc7+ 1/2-1/2

[Event "Olympiad Women 2024"]
[Site "Budapest HUN"]
[Date "2024.09.15"]
[Round "5.38"]
[Board "2"]
[White "Silva, Mariana"]
[Black "Likando Namakau"]
[Result "1-0"]
[WhiteElo "2005"]
[BlackElo "1746"]
[PlyCount "95"]
[EventDate "2024.09.11"]
[WhiteTeam "Portugal"]
[BlackTeam "Zambia"]
[WhiteTeamCountry "POR"]
[BlackTeamCountry "ZAM"]

1. d4 d5 2. c4 e6 3. Nc3 c6 4. cxd5 exd5 5. Bf4 Bd6 6. Bxd6 Qxd6 7. e3 Nf6 8. Bd3 Nbd7 9. Nf3 Nb6 $146 ({RR} 9... b6 10. Rc1 Bb7 11. O-O O-O 12. a3 c5 13. dxc5 bxc5 14. Nb5 Qb6 15. b3 a6 16. Nc3 h6 17. Na4 Qd6 18. Bc4 Qe6 19. Bd3 Ne5 20. Nxc5 Nxf3+ 21. Qxf3 Qb6 22. Nxb7 Qxb7 23. b4 Qd7 24. Rc5 {1-0 Liu,E (1615)-Tu,L (1554) PNWCC Online blitz JP 2nd 2020 (11)}) ({RR} 9... Nf8 10. Ne5 N6d7 11. f4 g6 12. O-O f6 13. Nf3 f5 14. Ne5 Nf6 15. Kh1 Be6 16. Rb1 N8d7 17. b4 O-O 18. Na4 b6 19. Qc2 Rac8 20. Rfc1 Nb8 21. a3 Ng4 22. Qd2 Qe7 23. h3 Nxe5 24. dxe5 {1-0 Sarana,A (2685)-Bartel,M (2625) chess.com SpeedChess Q1Sw 2023 (7)}) ({RR} 9... O-O 10. O-O Re8 11. Qc2 g6 12. Rab1 a5 13. a3 Nh5 14. Rfc1 Ng7 15. Na4 Rb8 16. b4 axb4 17. axb4 b5 18. Nc5 Nb6 19. Ra1 Nc4 20. Ra7 Bf5 21. Rca1 Bxd3 22. Qxd3 Ne6 23. h3 Nxc5 24. dxc5 {½-½ Plyasunov,D (2291)-Stanojevic,I (2198) Titled Tue 6th Aug Early 2024 (8)}) ({RR} 9... O-O 10. O-O Re8 11. Qc2 Nf8 12. h3 Be6 13. Rab1 Ng6 14. b4 Rac8 15. Rfc1 Qd7 16. Ne5 Qd6 17. f4 Nd7 18. f5 Ndxe5 19. dxe5 Qxe5 20. fxe6 Qxe3+ 21. Kh1 d4 22. exf7+ Kxf7 23. Bc4+ Kf8 24. Qf5+ {1-0 Lymar,V (2135)-Kiselev,P (2139) Titled Tue 26th Dec Late 2023 (3)}) 10. h3 h6 11. O-O Be6 12. Qc2 O-O 13. Rab1 Nbd7 14. b4 a6 15. a4 Rfc8 16. Rfc1 b5 17. a5 Ne8 18. Ne2 Qb8 19. Nf4 Nd6 20. Nxe6 fxe6 21. Qc3 Nc4 22. Bc2 Nf6 23. Nd2 Qc7 24. f3 Qg3 25. Nf1 Qc7 26. Qd3 g5 27. e4 Qg7 28. Ng3 Qf7 29. e5 Ne8 30. Rf1 Rc7 31. f4 gxf4 32. Ne2 Qf5 33. Qc3 Qg5 34. Rxf4 Rg7 35. Qf3 Nc7 36. Rf1 Qe7 37. Qc3 Qg5 38. R1f2 Rd8 39. Kh1 h5 40. Qf3 Qe7 41. Qxh5 Qg5 42. Bh7+ Kh8 43. Rf8+ Rg8 44. Qxg5 Rdxf8 45. Rxf8 Rxf8 46. Qh6 Rf1+ 47. Kh2 Re1 48. Bg6+ 1-0

[Event "Olympiad Women 2024"]
[Site "Budapest HUN"]
[Date "2024.09.15"]
[Round "5.38"]
[Board "3"]
[White "Mbatha, Constance"]
[Black "Silva, Ana Ines Teixeira Da"]
[Result "1-0"]
[WhiteElo "1799"]
[BlackElo "1925"]
[PlyCount "87"]
[EventDate "2024.09.11"]
[WhiteTeam "Zambia"]
[BlackTeam "Portugal"]
[WhiteTeamCountry "ZAM"]
[BlackTeamCountry "POR"]

1. e4 e5 2. Nf3 Nc6 3. Nc3 Nf6 4. d4 exd4 5. Nxd4 Bb4 6. Nxc6 bxc6 7. Bd3 d5 8. Bd2 O-O 9. O-O Bg4 10. Qe1 ({RR} 10. Qc1 Re8 11. Nxd5 Nxd5 12. exd5 Bxd2 13. Qxd2 cxd5 14. Qf4 Be6 15. b4 c6 16. a4 Qb8 17. Qh4 h6 18. a5 Qd6 19. Rfd1 Rab8 20. Rab1 Rec8 21. h3 c5 22. b5 Qe5 23. Re1 Qg5 24. Qxg5 hxg5 {½-½ Nepomniachtchi,I (2763)-Svidler,P (2737) Wch Blitz St Petersburg 2018 (15)}) ({RR} 10. Qc1 Bxc3 11. Bxc3 Nxe4 12. Bxe4 dxe4 13. Qf4 f5 14. Qe5 Rf7 15. h3 Bh5 16. Kh1 Qd6 17. Qa5 Qh6 18. Qe5 Qd6 19. Qa5 Re8 20. Qxa7 f4 21. Qd4 Qh6 22. Rae1 Bf3 23. gxf3 Qxh3+ 24. Kg1 Re6 {0-1 Dinu,D (2190)-Jusup,M (2238) Titled Tue 2nd Jan Late 2024 (9)}) 10... Re8 11. e5 $146 ({RR} 11. Nxd5 cxd5 12. Bxb4 dxe4 13. Bc4 Qc8 14. Qe3 Be6 15. Bb3 Bxb3 16. axb3 Nd5 17. Qd2 Qf5 18. Ra5 Re5 19. Rd1 c6 20. c4 Nxb4 21. Qd8+ Re8 22. Qxe8+ Rxe8 23. Rxf5 Nd3 24. Ra5 g6 25. Rxa7 Kg7 {½-½ Argote Heredia,V (2193)-Barrientos Chavarriaga,S (2468) San Pedro de Macoris zt 2.3 2022 (8)}) ({RR} 11. f3 Bc5+ 12. Kh1 Bh5 13. Qh4 Bg6 14. Bg5 Be7 15. Rad1 h6 16. Bxf6 Bxf6 17. Qg3 Qb8 18. Rb1 d4 19. Ne2 Qb6 20. Bc4 Qc5 21. b3 Rad8 22. Qxg6 Qxc4 23. Qxf6 Qxe2 24. Qxc6 Re7 25. Qc5 Rd6 {0-1 Strozewski,G (1680)-Hellbing,H (2015) Essen op04 2000 (1)}) 11... Nd7 12. f4 Bc5+ 13. Kh1 d4 14. Ne4 Be6 15. Qg3 Bf8 16. Rae1 Bd5 17. Ng5 h6 18. Nf3 Nc5 19. f5 Nxd3 20. cxd3 Bxf3 21. Rxf3 Kh7 22. Ref1 Qd5 23. Bf4 Rab8 24. b3 a5 25. Qg4 a4 26. Rh3 axb3 27. axb3 Rxb3 28. e6 Rb5 29. Bxc7 c5 30. Bf4 c4 31. Bxh6 Qxf5 32. Bc1+ Kg8 33. Rxf5 Rxe6 34. Rf1 c3 35. Qh4 f6 36. Qxd4 Rc5 37. Ba3 Rf5 38. Rg1 Bxa3 39. Qxc3 Bc5 40. Rb1 Rfe5 41. d4 Bxd4 42. Qxd4 Re1+ 43. Rxe1 Rxe1+ 44. Qg1 1-0

[Event "Olympiad Women 2024"]
[Site "Budapest HUN"]
[Date "2024.09.15"]
[Round "5.38"]
[Board "4"]
[White "Avelino, Camila Biscaya"]
[Black "Mwale, Naomi"]
[Result "1-0"]
[WhiteElo "1843"]
[BlackElo "1767"]
[PlyCount "85"]
[EventDate "2024.09.11"]
[WhiteTeam "Portugal"]
[BlackTeam "Zambia"]
[WhiteTeamCountry "POR"]
[BlackTeamCountry "ZAM"]

1. e4 e5 2. Nf3 Nc6 3. Bb5 Bc5 4. c3 d6 5. O-O Bd7 6. d4 Bb6 7. Re1 Qe7 ({RR} 7... Nge7 8. Na3 O-O 9. h3 h6 10. Ba4 exd4 11. cxd4 d5 12. exd5 Nxd5 13. Bb3 Be6 14. Nc4 {½-½ Stefansson,H (2575)-Sokolov,I (2658) Jonsson Memorial op 2001 (3)}) ({RR} 7... Nge7 8. d5 Nb8 9. Bxd7+ Nxd7 10. Nbd2 O-O 11. Nc4 f5 12. Nxb6 Nxb6 13. Bg5 Qd7 14. Bxe7 Qxe7 15. exf5 Rxf5 16. Re4 Qf7 17. c4 Rf8 18. Qe2 a5 19. Rc1 Nd7 20. Rf1 Nc5 21. Rg4 Qh5 22. Rg3 {0-1 Toncheva,N (2257)-Shkapenko,P (2390) Titled Tue 16th Jan Early 2024 (6)}) 8. a4 a6 9. Bf1 $146 ({RR} 9. Bxc6 Bxc6 10. dxe5 dxe5 11. b4 Rd8 12. Qe2 Bd7 13. Ba3 Qf6 14. a5 Ba7 15. Nbd2 Ne7 16. c4 O-O 17. b5 Rfe8 18. Bb2 Ng6 19. g3 Bg4 20. Ra3 h5 21. Qf1 h4 22. Kh1 Rd6 23. h3 Be6 {0-1 Bicskei,M (1853)-Rajic,I (2020) Subotica-ch 2014 (2)}) 9... Nf6 10. d5 Nd8 11. h3 h6 12. Nbd2 O-O 13. Nc4 Ba7 14. Bd3 c5 15. a5 Bb5 16. Nh4 Bd7 17. Ne3 g6 18. Qf3 Kg7 19. Nc4 Bb5 20. Qe3 Rh8 21. Qg3 Kf8 22. Re3 Bxc4 23. Bxc4 Nh5 24. Nxg6+ fxg6 25. Qxg6 Nf4 26. Rf3 Nf7 27. Bxf4 exf4 28. Rxf4 Ke8 29. e5 dxe5 30. d6 Qxd6 31. Qxf7+ Kd8 32. Rf6 Qd7 33. Qxd7+ Kxd7 34. Rd1+ Kc7 35. Rf7+ Kc6 36. Bd5+ Kd6 37. Bxb7+ Ke6 38. Bd5+ Kd6 39. Bxa8+ Ke6 40. Bd5+ Kd6 41. Rxa7 Rb8 42. Bc4+ Kc6 43. Rad7 1-0

[Event "Olympiad Women 2024"]
[Site "Budapest HUN"]
[Date "2024.09.15"]
[Round "5.39"]
[Board "1"]
[White "Charinda, Kudzanayi"]
[Black "Shuqja, Klean"]
[Result "0-1"]
[WhiteElo "1854"]
[BlackElo "2042"]
[PlyCount "96"]
[EventDate "2024.09.11"]
[WhiteTeam "Zimbabwe"]
[BlackTeam "Albania"]
[WhiteTeamCountry "ZIM"]
[BlackTeamCountry "ALB"]

1. e4 c6 2. d4 d5 3. exd5 cxd5 4. Bd3 Nc6 5. c3 Qc7 6. Ne2 Bg4 7. Qb3 Bxe2 8. Kxe2 e6 9. Be3 Bd6 10. Nd2 Nf6 11. Nf3 $146 ({RR} 11. g3 O-O 12. f4 Rac8 13. Rae1 Na5 14. Qd1 Nc4 15. Nxc4 dxc4 16. Bb1 b5 17. Kf2 b4 18. Rhf1 bxc3 19. bxc3 Qa5 20. Bd2 Rb8 21. Kg1 g6 22. g4 Rb2 23. f5 exf5 24. gxf5 Qd5 25. fxg6 fxg6 {1-0 Sikkel,D (1937)-Edvardsson,K (2217) Reykjavik op 2018 (3)}) 11... O-O 12. h3 a6 13. Qc2 Rac8 14. Rac1 Qe7 15. Qd2 Ne4 16. Qd1 f5 17. Kf1 b5 18. h4 Na5 19. Rh3 Nc4 20. Bxc4 Rxc4 21. Ng5 f4 22. Nxe4 dxe4 23. Bd2 e5 24. b3 Rc7 25. d5 e3 26. Be1 exf2 27. Bxf2 e4 28. Bd4 e3 29. Qd3 Be5 30. Ke2 Qf6 31. Bxe5 Qxe5 32. c4 bxc4 33. bxc4 Rb8 34. Rf3 Rb2+ 35. Ke1 Rxg2 36. d6 Rg1+ 37. Rf1 Rxf1+ 38. Kxf1 Rd7 39. c5 f3 40. Qb3+ Kf8 41. Qb8+ Kf7 42. Qb3+ Kg6 43. Qd3+ Kh6 44. Qb3 Kh5 45. Qc4 Qf5 46. Ke1 Rf7 47. Qf1 f2+ 48. Ke2 Qf3+ 0-1

[Event "Olympiad Women 2024"]
[Site "Budapest HUN"]
[Date "2024.09.15"]
[Round "5.39"]
[Board "2"]
[White "Geske, Bruna"]
[Black "Shaba, Linda Dalitso"]
[Result "1-0"]
[WhiteElo "2023"]
[BlackElo "1831"]
[PlyCount "139"]
[EventDate "2024.09.11"]
[WhiteTeam "Albania"]
[BlackTeam "Zimbabwe"]
[WhiteTeamCountry "ALB"]
[BlackTeamCountry "ZIM"]

1. e4 e6 2. d4 d5 3. Bd3 Nf6 4. e5 Nfd7 5. Ne2 c5 6. c3 Nc6 7. a3 Qb6 8. Bc2 a5 9. O-O Be7 10. Re1 $146 ({RR} 10. Kh1 O-O 11. f4 f6 12. Qd3 g6 13. Nd2 Kg7 14. Nf3 {1-0 Jai Sankar Subramanian (2100)-Kodithuwakku,L (1799) DINI International 2024 (10.10)}) 10... Nf8 11. b3 Ng6 12. Be3 cxd4 13. cxd4 Bd7 14. Nbc3 O-O 15. f4 f5 16. exf6 Rxf6 17. f5 Nh4 18. Na4 Qd8 19. Bg5 Rf7 20. Bxe7 Qxe7 21. Nb6 Raf8 22. Ng3 Qf6 23. Nxd7 Rxd7 24. Rxe6 Qxd4+ 25. Kh1 Qf2 26. Re2 Qb6 27. Rd2 Ne7 28. Qg4 Qf6 29. Rf1 Nhg6 30. Nh5 Qh4 31. Qxh4 Nxh4 32. Rdf2 Rc7 33. f6 gxf6 34. Nxf6+ Rxf6 35. Rxf6 Rxc2 36. Rf8+ Kg7 37. R8f7+ Kg6 38. Rxe7 Nf5 39. Re6+ Kg7 40. h3 Ng3+ 41. Kg1 Nxf1 42. Kxf1 Kf7 43. Rd6 Rc7 44. Rxd5 b6 45. Rd6 b5 46. Rd5 Rb7 47. Kf2 Ke6 48. Rh5 Kd6 49. Ke3 Kc6 50. b4 a4 51. Ke4 Re7+ 52. Re5 Rd7 53. Re6+ Kc7 54. g4 Rd1 55. Kf4 Rf1+ 56. Kg3 Rb1 57. Re3 Rb3 58. Kf4 Kd6 59. Ke4 Rb1 60. Rd3+ Kc6 61. Rc3+ Kb6 62. Rf3 Ra1 63. g5 Rg1 64. Kf5 Rb1 65. h4 Rb3 66. Kg4 Kc6 67. h5 Kd6 68. g6 hxg6 69. h6 Rb1 70. h7 1-0

[Event "Olympiad Women 2024"]
[Site "Budapest HUN"]
[Date "2024.09.15"]
[Round "5.39"]
[Board "3"]
[White "Wakuruwarewa, Colletta"]
[Black "Caku, Kler"]
[Result "0-1"]
[WhiteElo "1814"]
[BlackElo "1859"]
[PlyCount "72"]
[EventDate "2024.09.11"]
[WhiteTeam "Zimbabwe"]
[BlackTeam "Albania"]
[WhiteTeamCountry "ZIM"]
[BlackTeamCountry "ALB"]

1. e4 e5 2. Nf3 Nc6 3. Bb5 a6 4. Ba4 Nf6 5. O-O b5 6. Bb3 Be7 7. c3 O-O 8. Re1 d6 9. h3 Na5 10. Bc2 c5 11. d4 Qc7 12. b4 cxb4 13. cxb4 Nc4 14. d5 ({RR} 14. Nbd2 Be6 15. Nxc4 Bxc4 16. Bb2 d5 17. dxe5 Nxe4 18. a3 a5 19. bxa5 Rxa5 20. Bxe4 dxe4 21. Nd2 Be6 22. Nxe4 Rd8 23. Qe2 Qc4 24. Qe3 Qc2 25. Re2 Qd3 26. Nd6 Qxe3 27. Rxe3 Bxd6 {½-½ Perez Candelario,M (2630)-Ferreira,J (2520) POR CupT qf 41st 2019 (1.4)}) ({RR} 14. Nbd2 Nxd2 15. Qxd2 Nd7 16. Bb2 Bf6 17. Rac1 Bb7 18. Bb3 Qb6 19. Rcd1 Rfe8 20. dxe5 Nxe5 21. Qxd6 Qxd6 22. Rxd6 Nxf3+ 23. gxf3 Bxb2 24. Rd7 Reb8 25. Rxf7 Kh8 26. Re2 Bd4 27. Rc2 {½-½ Zambor,N (2252)-Galovic,S (2097) SVK-chT2D 1920 2019 (7.1)}) 14... Nd7 $146 ({RR} 14... Bd7 15. Nbd2 Nxd2 16. Bxd2 Rfc8 17. Bd3 Qb7 18. Qe2 Bd8 19. Be3 Bb6 20. Rec1 Qa7 21. Rxc8+ Rxc8 22. Bxb6 Qxb6 23. a4 bxa4 24. Bxa6 Rc3 25. b5 a3 26. Qe1 Rc2 27. Nd2 Bxb5 28. Bxb5 Qxb5 29. Rxa3 {0-1 Voronenkov,S (1973)-Goganov,A (2205) Autumn on Petrograd Side 2006 (6)}) 15. Nbd2 Ndb6 16. Nf1 Bd7 17. Ne3 Rac8 18. Bd3 Qb7 19. Bd2 Nb2 20. Qb3 Nxd3 21. Qxd3 g6 22. Nh2 Kh8 23. g4 Rg8 24. Kh1 f5 25. f3 f4 26. Ng2 g5 27. Re2 Rc4 28. Ree1 Rgc8 29. Rec1 Rxc1+ 30. Rxc1 Rc4 31. Nf1 Qc8 32. Qa3 Na4 33. Ne1 Bd8 34. Nd3 Bb6 35. Rxc4 Qxc4 36. Qb3 Qd4 0-1

[Event "Olympiad Women 2024"]
[Site "Budapest HUN"]
[Date "2024.09.15"]
[Round "5.39"]
[Board "4"]
[White "Shabanaj, Eglantina"]
[Black "Zengeni, Tatenda Melisa"]
[Result "1-0"]
[WhiteElo "1957"]
[BlackElo "1732"]
[PlyCount "99"]
[EventDate "2024.09.11"]
[WhiteTeam "Albania"]
[BlackTeam "Zimbabwe"]
[WhiteTeamCountry "ALB"]
[BlackTeamCountry "ZIM"]

1. d4 Nf6 2. c4 e6 3. Nc3 Bb4 4. Qc2 d5 5. Bg5 O-O 6. e3 b6 ({RR} 6... h6 7. Bh4 c5 8. dxc5 Nc6 9. O-O-O g5 10. Bg3 Bxc3 11. Qxc3 Ne4 12. Qa3 Qf6 13. f3 Nxg3 14. hxg3 d4 15. exd4 Nxd4 16. Ne2 Nxe2+ 17. Bxe2 e5 18. Qe3 Be6 19. Bd3 Rac8 20. Rhe1 e4 21. Qxe4 {1-0 Sumets,A (2604)-Dvirnyy,D (2461) Milan Crespi op-A 30th 2009 (3)}) 7. Nf3 ({RR} 7. cxd5 exd5 8. Bd3 h6 9. Bh4 c5 10. Nf3 Nc6 11. a3 Bxc3+ 12. bxc3 Bg4 13. O-O c4 14. Be2 Bh5 15. Ne5 Bxe2 16. Qxe2 g5 17. Nxc6 Qd6 18. Bg3 Qxc6 19. f4 Ne4 20. fxg5 hxg5 21. Qh5 Kg7 {0-1 Ardila,O (1971)-Gao,R (2001) Titled Tue 9th Jul Late 2024 (6)}) 7... Bb7 8. Bd3 h6 9. Bxf6 $146 ({RR} 9. Bh4 Nbd7 10. O-O Rc8 11. cxd5 exd5 12. Bf5 Be7 13. Ne5 g5 14. Bg3 Qe8 15. f4 Nxe5 16. fxe5 Nd7 17. Qe2 c5 18. Qg4 Rd8 19. h4 a6 20. Bf4 f6 21. hxg5 fxg5 22. Be6+ Kh8 23. Bxd7 Qxd7 {1-0 Pontes,A (2001)-Riboldi,M (1696) American Continental 06th 2009 (7)}) ({RR} 9. Bh4 Nbd7 10. cxd5 exd5 11. O-O Rc8 12. Bf5 Be7 13. Ne5 g5 14. Bg3 a6 15. Qe2 Rb8 16. f4 Nxe5 17. fxe5 Ne8 18. Bc2 f5 19. Bxf5 Ng7 20. Bc2 Bc8 21. Rxf8+ Bxf8 22. Rf1 Be6 23. Qd3 Bf5 {1-0 Tyda,K (2052)-Suliborski,J (1795) Gdansk op 2009 (4)}) 9... Qxf6 10. cxd5 Bxd5 11. e4 Bb7 12. O-O Nc6 13. e5 Qd8 14. Be4 Na5 15. a3 Bxe4 16. Nxe4 Be7 17. b4 Nb7 18. Rac1 Qd5 19. Rfd1 Rfc8 20. Nc3 Qd7 21. d5 Bd8 22. Qe4 Rab8 23. dxe6 Qxe6 24. Nd4 Qg6 25. Nf5 Kh7 26. Nb5 c5 27. Nxa7 Rc7 28. Nb5 Rcc8 29. Nbd6 Nxd6 30. Rxd6 f6 31. Rd7 Rc7 32. Rcd1 cxb4 33. axb4 Rbc8 34. h4 Rxd7 35. Rxd7 Rc1+ 36. Kh2 Bc7 37. Rxg7+ Qxg7 38. Nxg7+ Kxg7 39. Qg4+ Kf8 40. Qg6 Bxe5+ 41. g3 Rc4 42. Qxh6+ Ke7 43. f4 Bd4 44. Qg7+ Kd6 45. h5 Rc2+ 46. Kh3 Rc1 47. h6 Rh1+ 48. Kg2 Rg1+ 49. Kf3 Rf1+ 50. Ke2 1-0